La inversión extranjera en América Latina y el Caribe : 2002 /

Salvato in:
Dettagli Bibliografici
Ente Autore: Comisión Económica para América Latina y el Caribe
Natura: Libro
Lingua:spagnolo
Pubblicazione: Santiago, Chile : Comisión Económica para América Latina y el Caribe, 2003, c2003
Serie:(Informes Periódicos Institucionales)
Soggetti:
Tags: Aggiungi Tag
Nessun Tag, puoi essere il primo ad aggiungerne!!

MARC

LEADER 00000nam^a2200000^a^4500
001 000161254
005 20250521000000.0
009 20260310100751.919
020 |a 92-1-322103-7 
037 |a Acervo ITESO - Biblioteca 
041 |a ESP 
082 |a 330. 980003  |b COM INV 2002 
110 |a Comisión Económica para América Latina y el Caribe 
240 1 1 |a [Informes periódicos institucionales de la CEPAL] 
240 1 4 |a [La inversión extranjera en América Latina y el Caribe] 
245 1 3 |a La inversión extranjera en América Latina y el Caribe :  |b 2002 /  |c Comisión Económica para América Latina y el Caribe. 
264 4 |a Santiago, Chile :  |b Comisión Económica para América Latina y el Caribe,  |c 2003, c2003 
300 |a 169 p. 
336 |a texto  |b txt  |2 rdacontenido 
337 |a sin mediación  |b n  |2 rdamedio 
338 |a volumen  |b nc  |2 rdasoporte 
440 1 |a (Informes Periódicos Institucionales) 
649 |a XX 
650 |a Comisión Económica para América Latina y el Caribe -  |x Informes 
650 |a Economía -  |z Latinoamérica -  |x Anuarios 
650 |a Economía -  |z Latinoamérica -  |x Estadísticas 
650 |a Economía -  |z Latinoamérica -  |x Historia -  |y 2000-2009 
650 |a Economía -  |z Latinoamérica -  |x Historia -  |y Siglo XXI 
650 |a Inversiones Extranjeras -  |z Latinoamérica 
650 |a Bancos y Operaciones Bancarias -  |z Latinoamérica 
650 |a Desarrollo Económico-Social -  |z Latinoamérica 
650 |a Latinoamérica -  |x Condiciones Económicas 
910 |a Fondo General 
920 |a Impresos - Libros 
930 |a Obras de Referencia 
905 |a 102 
901 |a 0500092648  |b IT2  |c REF  |u 20250521 
902 |a https://opac.biblio.iteso.mx/vufind/Record/000161254